LDR 01079naa#a2200181#i#450# 001 RU\\bibl\121320 005 20260516044837.6 011 ## _a1994-4683 100 ## _a20230803b2023####ek#y0rusy0150####ca 102 ## _aRU 200 1# _aЙОГОЛАТЕС НА ЗАНЯТИЯХ ПО ФИЗИЧЕСКОМУ ВОСПИТАНИЮ ДЛЯ УЛУЧШЕНИЯ ЭМОЦИОНАЛЬНОГО СОСТОЯНИЯ СТУДЕНТОК ВУЗОВ _eЖурнальная статья 210 1# _aМосква _cНациональный государственный Университет физической культуры, спорта и здоровья им. П.Ф. Лесгафта _d2023 215 ## _a4 с. 608 ## _aЖурнальная статья _2local 675 ## _aМетодика физического воспитания. Пути и средства физического воспитания. Учебные заведения физической культуры. 796.011.3 _z 700 #1 _aПостол _gО Л 700 #1 _aПанкратова _gО Н 856 4# _auchzapiski.lesgaft.spb.ru _u